Doctor Who soundtrack quiz #1 - Statistics

General Stats
  • This quiz has been taken 138 times
    126 since last reset
  • The average score is 42 of 436
Answer Stats
Soundtrack Answer % Correct
Rose's Theme
67%
Doomsday
65%
I Am The Doctor
63%
Martha's Theme
54%
The Doctor's Theme
48%
Donna's Theme
44%
Series 4 - The Specials Vale
44%
Amy's Theme
40%
Clara?
38%
The Cybermen
37%
The Daleks
37%
Trenzalore/The Long Song/I Am Information (Reprise)
37%
Westminster Bridge
37%
Vale Decem
35%
The Long Song
33%
This is Gallifrey
33%
Series 3 All the Strange, Strange Creatures
29%
Amy in the TARDIS
29%
Love Don't Roam
29%
Song for Ten
29%
YANA
27%
Cassandra's Waltz
25%
Midnight
25%
Song of Freedom
25%
The Doctor Forever
25%
The Futurekind
25%
The Impossible Planet
25%
Gallifrey
23%
Little Amy
23%
My Angel Put the Devil in Me
23%
The Master Vainglorious
23%
The Rueful Fate of Donna Noble
23%
The Stowaway
23%
Trenzalore
23%
Abide with Me
21%
A Noble Girl About Town
21%
Boe
21%
Davros
21%
Hologram
21%
Silence in the Library
21%
The Greatest Story Never Told
21%
The Mad Man with a Box
21%
Tooth and Claw
21%
Turn Left
21%
UNIT
21%
A Dazzling End
19%
Down to Earth
19%
Evolution of the Daleks
19%
Father's Day
19%
Goodbye Pond
19%
Madame de Pompadour
19%
Slitheen
19%
The Sad Man with a Box
19%
The Wedding of River Song
19%
Blink (Suite)
17%
Boom Town Suite
17%
I Am Information
17%
Martha's Quest
17%
Martha Triumphant
17%
Melody Pond
17%
Only Martha Knows
17%
Rose Defeats the Daleks
17%
Song for Four / Home
17%
Songs of Captivity and Freedom
17%
The Doctor's Daughter
17%
The Dream of a Normal Death
17%
The Majestic Tale (of a Madman in a Box)
17%
The Master Tape
17%
The New Doctor
17%
The Unicorn and the Wasp
17%
UNIT Rocks
17%
Wilf's Wiggle
17%
Abigail
15%
Amy and Rory
15%
A River of Tears
15%
Series 5 Doctor Who XI
15%
Finding Jackie
15%
Life Among the Distant Stars
15%
Rose in Peril
15%
Seeking the Doctor
15%
The Impossible Astronaut
15%
The Life and Death of Amy Pond
15%
The Lone Dalek
15%
The Source
15%
This Time There's Three Of Us
15%
Voyage of the Damned Suite
15%
A Pressing Need to Save the World
13%
Bah Bah Biker
13%
Day of the Moon
13%
Gridlocked Cassinis
13%
Hanging on the Tablaphone
13%
Series 6 I Am the Doctor in Utah
13%
I'm Coming to Get You
13%
I Remember You
13%
Onwards!
13%
Oswin Oswald
13%
River Runs Through It
13%
Sycorax Encounter
13%
The Carrionites Swarm
13%
The Curse of the Black Spot
13%
The Face of Boe
13%
The Impossible Girl
13%
The Runaway Bride
13%
The Song of Song
13%
The Vampires of Venice
13%
Together or Not At All - The Song of Amy and Rory
13%
Vincent
13%
1969
12%
All in the Mind
12%
Battle in the Sky
12%
Cab for Amy Pond
12%
Clockwork TARDIS
12%
Four Knocks
12%
Infinite Potential
12%
Just Scarecrows to War
12%
Mr Smith and Joan
12%
New Adventures
12%
River's Waltz
12%
Song for Ten (Reprise)
12%
The Dark and Endless Dalek Night
12%
The Enigma of River Song
12%
The Leaf
12%
The Master Suite
12%
Words Win Wars
12%
5:02 PM
10%
Abigail's Song
10%
After the Chase
10%
A Lonely Decision
10%
A Probe in the Snow
10%
A Tyrannical Menace
10%
By Water Borne
10%
Clara Lives
10%
Cold War
10%
Corridors and Fire Escapes
10%
Dinosaurs on a Spaceship
10%
Series 1 & 2 Doctor Who Theme (TV version)
10%
Drowning Dry
10%
Fish
10%
Fish Custard
10%
Forgiven
10%
Friendship
10%
God of Akhaten
10%
Harriet Jones, Prime Minister
10%
Hello Twelve
10%
Kazran Sardick 12 1/2
10%
Little Amy: The Apple
10%
Locked On
10%
Minnie Hooper
10%
Monster Bossa
10%
Night Terrors
10%
River's Path
10%
Scanning Me
10%
Smith's Choice
10%
Terror of the Reich
10%
The Chemical Castle
10%
The Clouds Pass
10%
The Doctor's Theme Series Four
10%
The Girl With No Name
10%
The Pandorica
10%
The Sun's Gone Wibbly
10%
The Sybilline Sisterhood
10%
The Time of Angels
10%
Tick Tock
10%
Up the Shard
10%
Victory of the Daleks
10%
With Love, Vincent
10%
You and Me, Amy
10%
A Chaotic Escape
8%
A Dream of Catastrophe
8%
A Lot of Life Behind Us
8%
A Malevolent Estate
8%
Amy and Rory Together
8%
Apollo 11
8%
A Special Sort of Bus
8%
Deadly Siren
8%
Final Days
8%
Greystark Hall
8%
Hide the Damage
8%
I Am You
8%
I Offer You My Daughter
8%
I See You Silence
8%
Lithuania
8%
Lost in the Wrong Stream
8%
Loving Isn't Knowing
8%
Melody Malone
8%
Miss Joan Redfern
8%
My Husband's Home
8%
My Silence
8%
Pop
8%
Remember Me
8%
Run, Sexy
8%
Skaldak
8%
Tell Me Who You Are
8%
The Cat Burglar
8%
The Perfect Prison
8%
The Salvation of Kahler-Jex
8%
The Silurians
8%
The World Waits
8%
Tick Tock Round the Clock
8%
Towards the Asylum
8%
Welcome to Mercy
8%
36 Years
6%
A Forceful Intelligence
6%
A Frosty Ood
6%
A Letter to Clara
6%
All for One
6%
Almost the End
6%
Alone in the Desert
6%
A Longing to Leave
6%
A Machine That Makes Machines
6%
Amy's Starless Life
6%
Another Perfect Prison
6%
A Painful Exchange
6%
A Ruined Gaol
6%
A Troubled Man
6%
A Useful Striker
6%
Beneath Stonehenge
6%
Brian
6%
Can I Come with You?
6%
Can't Win
6%
Chicken Casanova
6%
Clara in the TARDIS
6%
A Christmas Carol Come Along Pond
6%
Cubes
6%
Cumbria 1207
6%
Cyber Army
6%
Dalek Parliament
6%
Flying Home for Christmas
6%
Fragrance
6%
Goodbyes
6%
Goodlucknight
6%
Gunslingers
6%
Hidden Treasures
6%
I Am a Ghost
6%
It's Him
6%
Kiss the Girl
6%
Letter to Earth
6%
Little Angels
6%
Madge's Theme
6%
Make Peace
6%
Monking About
6%
My Time Is Running Out
6%
New York New York
6%
Other Good News
6%
Our Little Town's Prosecutor
6%
Out West
6%
Pain Everlasting
6%
Perfect Reflection
6%
Ransacked
6%
Rita Praises
6%
Room of Your Dreams
6%
Save Us
6%
Signora Rosanna Calvierri
6%
Some Wednesday
6%
Spoonheads
6%
Sweetville
6%
Take a Ride on Tricey
6%
The Beast Below
6%
The Big Day
6%
The Blush of Love
6%
The Dream of Cyberia
6%
The Emperor's Wife
6%
The End Draws Near
6%
The March of the Cybermen
6%
The Time of the Doctor The Message
6%
The Ruined Childhood
6%
The Speeder
6%
The Terrible Truth
6%
The Time Lords' Last Stand
6%
Series 7 They Are Everywhere
6%
This Is the Dream
6%
This Is Where It Gets Complicated
6%
Three Doctors
6%
Tiberian Spiral Galaxy
6%
To Save the Doctor
6%
Trust Me
6%
Two Doctors
6%
Upgrade in Progress
6%
Wedded Bliss
6%
We Shall Fare Well
6%
What a Brain
6%
What Is His Name?
6%
Which One Is the Flesh?
6%
You're a Dead Man
6%
Zero
6%
2.47 Billion
4%
A Bit of a Drag
4%
A Disturbance in the Night
4%
Adrift in the TARDIS
4%
Altering Lives
4%
Always with the Rory
4%
Always You, Never a Replacement
4%
Apalapucia
4%
A Secret He Will Take to His Grave
4%
A Turbulent Flight
4%
A Very Unusual Melody
4%
A Victorian Christmas
4%
Away on Horseback
4%
Bedtime for George
4%
Brian's Log
4%
Brigadier Lethbridge-Stewart
4%
Christmas
4%
Clara Who?
4%
Crimson Horror
4%
Dealing with the Menace
4%
Definitely Going
4%
Doctor Gastronomy
4%
Double Doctor
4%
Fear Enough
4%
Friends and Neighbours
4%
The Doctor, the Widow and the Wardrobe Geronimo
4%
Goodnight Abigail
4%
Growing Up Fast
4%
Halfway Out of the Dark
4%
He Comes Every Christmas
4%
Hedgewick's World
4%
Help Is On Its Way
4%
Hidden in the Closet
4%
Honey I'm Home
4%
I Can't Save Her
4%
I Might Change My Mind
4%
Into the Museum
4%
I've Got Mail
4%
Ladieswear
4%
Market Day
4%
Merry Gejelh
4%
My TARDIS
4%
Never Alone at Christmas
4%
Never Tell Me The Rules
4%
Never Wake
4%
No More
4%
Not the Doctor
4%
Over Your Shoulder
4%
Paint
4%
Pay Attention, Grown Ups
4%
Roman Paradox
4%
Snow Over Trenzalore
4%
Something Awesome
4%
Sonic Fishing
4%
Speeding to Earth
4%
Stirring in the Sands
4%
Stormageddon, Dark Lord of All
4%
Tell Me the Truth
4%
Thank You Craig
4%
The British Are Coming
4%
The Council of the Time Lords
4%
The Fate of Little Adelaide
4%
The Greats of Past Time
4%
The Head of an Enemy
4%
The Hotel Prison
4%
The Patient Centurion
4%
The Queen
4%
The Same Sonic
4%
The Wonder of Balloons
4%
This Is How It Ends
4%
Thomas Thomas
4%
Time is Moving
4%
What's Left to Be Scared Of?
4%
When A River Forms
4%
While We Waited
4%
Who Are You
4%
Who Else Is Coming
4%
Whose Enigma
4%
Will There Be Cocktails?
4%
You Must Like It Here
4%
Your Orders Come from Me
4%
All in the Balance
2%
Antifreeze
2%
Armchair Waltz
2%
The Snowmen A Voice in the Snow
2%
Babysitter
2%
Back to Christmas
2%
Baubles
2%
Bedroom Talk
2%
Beginning Of the End
2%
Big Colour
2%
Bumps
2%
Christmas Dinner
2%
Ditched at Sea
2%
Doctor Who Series Four Closing Credits
2%
Series 4 Doctor Who Series Four Opening Credits
2%
Dressed in a Hurry
2%
England 1562
2%
Everything Has to End Some Time
2%
Footprints in the Sand
2%
Geoff
2%
Ghost of Christmas Future
2%
Ghost of Christmas Past
2%
Ghost of Christmas Present
2%
Governess Clara
2%
Handles
2%
Hello Mates
2%
He Was There
2%
Holding Hands
2%
I Know
2%
The Day of the Doctor I.M. Foreman
2%
Interrogation
2%
In the Sea of Memory
2%
Into the Present
2%
Just a Little One
2%
Lifeboat
2%
Man And Wife
2%
New Memories
2%
Nice Horse
2%
One Word
2%
Papal Mainframe
2%
Pray for a Miracle
2%
Psychotic Potato Dwarf
2%
Quite a tree
2%
Remember the Worm
2%
Rescue the Doctor
2%
Rhapsody of War
2%
Rio de Cwntaff
2%
Safe Landing
2%
Shark Ride
2%
Sherlock Who?
2%
Somewhere to Hide
2%
Talk About Girls
2%
Tasha Lem
2%
The Course of my Life
2%
The Crack
2%
The Dance of the Naked Doctor
2%
The Fez and the Portal
2%
The King
2%
The Mission
2%
The Moment Has Come
2%
The Other Half's Inside the Shark
2%
The War Room
2%
This Planet is Ours
2%
We Are The Doctors
2%
We Don't Need To Land
2%
What's Wrong with Silly
2%
You Didn't Hit the Boy
2%
You're Fired
2%
You Saved It
2%
Zygon in the Painting
2%
No matching quizzes found
Score Distribution
Percent of People with Each Score
Percentile by Number Answered
Your Score History
You have not taken this quiz since the last reset